Chinese Society In Rural Malaysia : A local history of the Chinese in Titi Jelebu

Bibliographic Details
Main Author: Siaw, Lawrence K L
Format: Book
Published: Kuala Lumpur : Oxford University Press , 1983
Subjects:

MARC

LEADER 00000cam a2200000 7i4500
001 0000007653
005 20161103.0
020 |a 0195825411 
040 |a INS 
090 0 0 |a DS595.2.C5   |b S53 1983 
100 0 |a Siaw, Lawrence K L 
245 0 0 |a Chinese Society In Rural Malaysia :   |b A local history of the Chinese in Titi Jelebu 
260 |a Kuala Lumpur :   |b Oxford University Press ,   |c 1983 
300 |a 197p :   |b 23 cm 
650 0 |a Kampong Jelebu (Negeri Sembilan)   |z History 
650 0 0 |a Chinese   |z Malaysia   |z Jelebu (Negeri Sembilan)   |x History 
999 |a 0000024194   |b BOOK   |c Open Shelf   |e Default branch